[Event "Satka Autumn 2019"]
[Site "Satka"]
[Date "2019.09.21"]
[Round "3.11"]
[White "Filippova, Darya"]
[Black "Nikulina, Anastasiya"]
[Result "1/2-1/2"]
[WhiteElo "2110"]
[BlackElo "1540"]
[Annotator "NA"]
[PlyCount "84"]
[EventDate "2019.09.19"]
[EventType "swiss"]
[EventCountry "RUS"]
[SourceTitle "playchess.com"]
[Source "ChessBase"]
[SourceQuality "1"]
[TimeControl "5400+30"]

1. d4 {[%emt 0:00:00]} Nf6 {[%emt 0:00:00]} 2. c4 {[%emt 0:00:00]} b6 {[%emt 0:00:00]} 3. f3 {[%emt 0:04:59]} g6 {[%emt 0:04:39]} 4. e4 {[%emt 0:00:27]} d6 {[%emt 0:00:21]} 5. Be3 {[%emt 0:00:56]} Bg7 {[%emt 0:00:44]} 6. Qd2 {[%emt 0:01:00]} Nbd7 {[%emt 0:06:15]} 7. Nc3 {[%emt 0:00:58]} e5 {[%emt 0:02:02]} 8. d5 {[%emt 0:02:01]} a5 {[%emt 0:09:29]} 9. Bh6 {[%emt 0:01:29]} O-O {[%emt 0:03:04]} 10. Bxg7 {[%emt 0:00:27]} Kxg7 {[%emt 0:00:10]} 11. g4 {[%emt 0:00:29]} Nc5 {[%emt 0:01:08]} 12. Nge2 {[%emt 0:01:20]} Qe7 {[%emt 0:09:54]} 13. Ng3 {[%emt 0:00:47]} h6 {[%emt 0:07:23]} 14. g5 {[%emt 0:05:51]} hxg5 {[%emt 0:00:53]} 15. Qxg5 {[%emt 0:00:51]} Nxd5 {[%emt 0:09:23]} 16. Qd2 {[%emt 0:02:25]} Nxc3 {[%emt 0:02:23]} 17. bxc3 {[%emt 0:02:39]} Qf6 {[%emt 0:02:46]} 18. Qg2 {[%emt 0:03:18]} Qh4 {[%emt 0:07:07]} 19. O-O-O {[%emt 0:01:44]} Kg8 {[%emt 0:05:19]} 20. Rd2 {[%emt 0:02:22]} Be6 {[%emt 0:04:47]} 21. Rg1 {[%emt 0:02:59]} Na4 {[%emt 0:03:47]} 22. Kc2 {[%emt 0:04:53]} Qf4 {[%emt 0:01:46]} 23. Bd3 {[%emt 0:01:18]} Nc5 {[%emt 0:00:50]} 24. Nf5 {[%emt 0:05:30]} Rfe8 {[%emt 0:11:12]} 25. Qh3 {[%emt 0:01:20]} Nxd3 {[%emt 0:02:39]} 26. Rdg2 {[%emt 0:03:26]} Bxf5 {[%emt 0:01:07]} 27. exf5 {[%emt 0:00:10]} Kf8 {[%emt 0:01:54]} 28. fxg6 {[%emt 0:00:26]} Nb4+ {[%emt 0:02:15]} 29. Kb3 {[%emt 0:01:21]} b5 {[%emt 0:00:40]} 30. cxb5 {[%emt 0:07:51]} a4+ {[%emt 0:00:28]} 31. Kb2 {[%emt 0:02:27]} a3+ {[%emt 0:00:23]} 32. Kb1 {[%emt 0:00:43]} Qc4 {[%emt 0:00:38]} 33. g7+ {[%emt 0:05:15]} Ke7 {[%emt 0:00:08]} 34. cxb4 {[%emt 0:00:11]} Qxb4+ {[%emt 0:00:14]} 35. Kc1 {[%emt 0:00:23]} Qc3+ {[%emt 0:00:36]} 36. Kd1 {[%emt 0:00:18]} Qd4+ {[%emt 0:00:57]} 37. Ke2 {[%emt 0:00:47]} Qb2+ {[%emt 0:00:27]} 38. Kf1 {[%emt 0:00:12]} Qc1+ {[%emt 0:00:27]} 39. Kf2 {[%emt 0:00:11]} Qd2+ {[%emt 0:00:14]} 40. Kf1 {[%emt 0:00:00]} Qd1+ {[%emt 0:00:00]} 41. Kf2 {[%emt 0:00:00]} Qd2+ {[%emt 0:00:00]} 42. Kf1 {[%emt 0:00:00]} Qd1+ {[%emt 0:00:00]} 1/2-1/2

[Event "Satka Autumn 2019"]
[Site "Satka"]
[Date "2019.09.21"]
[Round "3.12"]
[White "Krylova, Mariya"]
[Black "Trapeznikova, Darya"]
[Result "1/2-1/2"]
[WhiteElo "1543"]
[BlackElo "2085"]
[Annotator "NA"]
[PlyCount "85"]
[EventDate "2019.09.19"]
[EventType "swiss"]
[EventCountry "RUS"]
[SourceTitle "playchess.com"]
[Source "ChessBase"]
[SourceQuality "1"]
[TimeControl "5400+30"]

1. e4 {[%emt 0:00:00]} e5 {[%emt 0:00:00]} 2. Nf3 {[%emt 0:00:00]} Nc6 {[%emt 0:00:00]} 3. Bc4 {[%emt 0:00:00]} Nf6 {[%emt 0:00:00]} 4. d3 {[%emt 0:00:06]} Be7 {[%emt 0:01:47]} 5. O-O {[%emt 0:01:28]} O-O {[%emt 0:00:32]} 6. Nc3 {[%emt 0:05:58]} d6 {[%emt 0:01:49]} 7. h3 {[%emt 0:00:17]} Na5 {[%emt 0:01:16]} 8. Bb3 {[%emt 0:01:53]} Nxb3 {[%emt 0:00:41]} 9. axb3 {[%emt 0:00:04]} c6 {[%emt 0:06:30]} 10. d4 {[%emt 0:02:45]} exd4 {[%emt 0:03:15]} 11. Nxd4 {[%emt 0:00:08]} d5 {[%emt 0:04:20]} 12. exd5 {[%emt 0:01:58]} Nxd5 {[%emt 0:00:51]} 13. Nxd5 {[%emt 0:08:36]} Qxd5 {[%emt 0:02:14]} 14. Be3 {[%emt 0:02:53]} Bf6 {[%emt 0:06:28]} 15. c3 {[%emt 0:03:12]} a6 {[%emt 0:03:01]} 16. b4 {[%emt 0:03:17]} Rd8 {[%emt 0:04:52]} 17. Qc2 {[%emt 0:13:02]} Qh5 {[%emt 0:23:23]} 18. Rfd1 {[%emt 0:12:46]} Rd5 {[%emt 0:09:40]} 19. c4 {[%emt 0:11:11]} Rd8 {[%emt 0:01:00]} 20. Ra5 {[%emt 0:08:22]} b5 {[%emt 0:10:34]} 21. Rd2 {[%emt 0:06:29]} Bxd4 {[%emt 0:06:58]} 22. Rxd4 {[%emt 0:02:40]} Rxd4 {[%emt 0:00:31]} 23. Bxd4 {[%emt 0:00:02]} Bf5 {[%emt 0:07:41]} 24. Qc3 {[%emt 0:00:58]} Qg6 {[%emt 0:01:37]} 25. c5 {[%emt 0:02:36]} h6 {[%emt 0:00:51]} 26. Ra3 {[%emt 0:01:33]} Rd8 {[%emt 0:01:43]} 27. Kh2 {[%emt 0:02:58]} Be4 {[%emt 0:00:34]} 28. f3 {[%emt 0:00:40]} Bd5 {[%emt 0:00:48]} 29. Qe3 {[%emt 0:03:32]} Qe6 {[%emt 0:00:53]} 30. Qf4 {[%emt 0:01:29]} Bc4 {[%emt 0:00:27]} 31. Rxa6 {[%emt 0:02:02]} Qd5 {[%emt 0:00:39]} 32. Bc3 {[%emt 0:00:42]} Qe6 {[%emt 0:00:28]} 33. Qc7 {[%emt 0:00:44]} Rc8 {[%emt 0:00:16]} 34. Qg3 {[%emt 0:00:12]} Qg6 {[%emt 0:00:46]} 35. Qxg6 {[%emt 0:00:33]} fxg6 {[%emt 0:00:04]} 36. Ra7 {[%emt 0:00:04]} Bf7 {[%emt 0:00:24]} 37. Rd7 {[%emt 0:00:46]} Kf8 {[%emt 0:00:48]} 38. Kg3 {[%emt 0:00:25]} Kg8 {[%emt 0:00:40]} 39. Kf4 {[%emt 0:01:15]} Re8 {[%emt 0:00:11]} 40. Rd6 {[%emt 0:00:00]} g5+ {[%emt 0:00:00]} 41. Kg3 {[%emt 0:00:00]} Bd5 {[%emt 0:00:00]} 42. Rd7 {[%emt 0:00:00]} Bf7 {[%emt 0:00:00]} 43. Rd6 {[%emt 0:00:00]} 1/2-1/2

[Event "Satka Autumn 2019"]
[Site "Satka"]
[Date "2019.09.22"]
[Round "4.1"]
[White "Charochkina, Daria"]
[Black "Guseva, Marina"]
[Result "0-1"]
[WhiteElo "2360"]
[BlackElo "2374"]
[Annotator "NA"]
[PlyCount "76"]
[EventDate "2019.09.19"]
[EventType "swiss"]
[EventCountry "RUS"]
[SourceTitle "playchess.com"]
[Source "ChessBase"]
[SourceQuality "1"]
[TimeControl "5400+30"]

1. d4 {[%emt 0:00:00]} d5 {[%emt 0:00:00]} 2. c4 {[%emt 0:00:00]} c6 {[%emt 0:00:00]} 3. Nf3 {[%emt 0:00:00]} Nf6 {[%emt 0:00:00]} 4. Qc2 {[%emt 0:00:00]} dxc4 {[%emt 0:00:00]} 5. Qxc4 {[%emt 0:00:03]} Bg4 {[%emt 0:00:00]} 6. Nc3 {[%emt 0:00:18]} Nbd7 {[%emt 0:00:06]} 7. e4 {[%emt 0:00:19]} Bxf3 {[%emt 0:00:04]} 8. gxf3 {[%emt 0:00:13]} e5 {[%emt 0:00:03]} 9. Be3 {[%emt 0:00:15]} exd4 {[%emt 0:00:06]} 10. Bxd4 {[%emt 0:00:10]} Bd6 {[%emt 0:00:04]} 11. O-O-O {[%emt 0:00:23]} Qe7 {[%emt 0:00:10]} 12. Be3 {[%emt 0:00:21]} Bc5 {[%emt 0:01:25]} 13. Kb1 {[%emt 0:00:46]} b5 {[%emt 0:11:05]} 14. Qe2 {[%emt 0:10:04]} Bxe3 {[%emt 0:02:05]} 15. Qxe3 {[%emt 0:00:47]} O-O {[%emt 0:00:30]} 16. Rg1 {[%emt 0:13:27]} g6 {[%emt 0:01:44]} 17. f4 {[%emt 0:07:52]} Nb6 {[%emt 0:04:37]} 18. e5 {[%emt 0:07:54]} Nfd5 {[%emt 0:00:21]} 19. Nxd5 {[%emt 0:00:05]} Nxd5 {[%emt 0:00:04]} 20. Qf3 {[%emt 0:00:48]} Rad8 {[%emt 0:07:47]} 21. Rc1 {[%emt 0:06:38]} a6 {[%emt 0:16:10]} 22. Bd3 {[%emt 0:09:58]} Nb4 {[%emt 0:18:28]} 23. Bf5 {[%emt 0:05:31]} c5 {[%emt 0:03:10]} 24. a3 {[%emt 0:07:39]} Nd5 {[%emt 0:00:04]} 25. Rcd1 {[%emt 0:00:49]} Nc7 {[%emt 0:04:57]} 26. Qc6 {[%emt 0:15:34]} b4 {[%emt 0:07:41]} 27. axb4 {[%emt 0:01:03]} cxb4 {[%emt 0:00:08]} 28. Bd7 {[%emt 0:02:37]} Nb5 {[%emt 0:03:41]} 29. Rd5 {[%emt 0:00:03]} Qh4 {[%emt 0:02:30]} 30. Qc1 {[%emt 0:01:58]} Qxf2 {[%emt 0:00:49]} 31. Rgd1 {[%emt 0:00:41]} Rb8 {[%emt 0:06:39]} 32. f5 {[%emt 0:00:04]} Nc3+ {[%emt 0:01:33]} 33. Ka1 {[%emt 0:01:29]} Nxd5 {[%emt 0:02:22]} 34. Rxd5 {[%emt 0:00:04]} b3 {[%emt 0:01:09]} 35. e6 {[%emt 0:00:31]} Qh4 {[%emt 0:02:58]} 36. exf7+ {[%emt 0:00:30]} Rxf7 {[%emt 0:00:14]} 37. Bc6 {[%emt 0:03:17]} Rc8 {[%emt 0:01:26]} 38. Re5 {[%emt 0:02:37]} Qa4+ 0-1

[Event "Satka Autumn 2019"]
[Site "Satka"]
[Date "2019.09.22"]
[Round "4.2"]
[White "Loskutova, Viktoriya"]
[Black "Bykova, Anastasia"]
[Result "0-1"]
[WhiteElo "2162"]
[BlackElo "2259"]
[Annotator "NA"]
[PlyCount "122"]
[EventDate "2019.09.19"]
[EventType "swiss"]
[EventCountry "RUS"]
[SourceTitle "playchess.com"]
[Source "ChessBase"]
[SourceQuality "1"]
[TimeControl "5400+30"]

1. e4 {[%emt 0:06:52]} c6 {[%emt 0:00:00]} 2. d4 {[%emt 0:00:16]} d5 {[%emt 0:00:00]} 3. exd5 {[%emt 0:00:06]} cxd5 {[%emt 0:00:00]} 4. Bd3 {[%emt 0:00:11]} Nc6 {[%emt 0:00:00]} 5. c3 {[%emt 0:00:07]} Nf6 {[%emt 0:00:00]} 6. Bf4 {[%emt 0:00:33]} Bg4 {[%emt 0:00:00]} 7. Qb3 {[%emt 0:00:41]} Qc8 {[%emt 0:00:04]} 8. Nd2 {[%emt 0:01:35]} e6 {[%emt 0:00:10]} 9. Ngf3 {[%emt 0:00:13]} Be7 {[%emt 0:00:06]} 10. O-O {[%emt 0:04:45]} Bh5 {[%emt 0:00:11]} 11. Rfe1 {[%emt 0:01:46]} O-O {[%emt 0:01:32]} 12. Rac1 {[%emt 0:07:22]} Bg6 {[%emt 0:09:54]} 13. Bxg6 {[%emt 0:00:34]} hxg6 {[%emt 0:00:06]} 14. Qb5 {[%emt 0:04:28]} a6 {[%emt 0:00:29]} 15. Qd3 {[%emt 0:00:15]} b5 {[%emt 0:00:31]} 16. Ng5 {[%emt 0:02:15]} Nd7 {[%emt 0:22:15]} 17. Ndf3 {[%emt 0:11:02]} Re8 {[%emt 0:10:08]} 18. Ne5 {[%emt 0:26:43]} Bxg5 {[%emt 0:02:24]} 19. Bxg5 {[%emt 0:00:06]} f6 {[%emt 0:00:59]} 20. Nxc6 {[%emt 0:08:39]} Qxc6 {[%emt 0:00:11]} 21. Bd2 {[%emt 0:00:40]} Kf7 {[%emt 0:00:37]} 22. b3 {[%emt 0:08:37]} Rac8 {[%emt 0:01:11]} 23. Re3 {[%emt 0:03:18]} Rh8 {[%emt 0:01:04]} 24. Rce1 {[%emt 0:01:41]} Nf8 {[%emt 0:00:39]} 25. Rh3 {[%emt 0:01:06]} Rxh3 {[%emt 0:01:06]} 26. Qxh3 {[%emt 0:00:05]} Qd6 {[%emt 0:10:48]} 27. Ra1 {[%emt 0:03:38]} Qa3 {[%emt 0:07:26]} 28. Bc1 {[%emt 0:00:48]} Qa5 {[%emt 0:00:04]} 29. Bd2 {[%emt 0:01:16]} g5 {[%emt 0:00:20]} 30. Qd3 {[%emt 0:02:32]} Qb6 {[%emt 0:04:49]} 31. Be1 {[%emt 0:02:18]} Ng6 {[%emt 0:01:18]} 32. g3 {[%emt 0:00:08]} Ne7 {[%emt 0:00:35]} 33. a4 {[%emt 0:00:24]} Nf5 {[%emt 0:03:41]} 34. axb5 {[%emt 0:01:09]} axb5 {[%emt 0:00:04]} 35. Bd2 {[%emt 0:00:34]} Nd6 {[%emt 0:00:46]} 36. Kg2 {[%emt 0:00:42]} Qb7 {[%emt 0:01:44]} 37. f3 {[%emt 0:00:33]} Rh8 {[%emt 0:07:10]} 38. h3 {[%emt 0:00:31]} Qd7 {[%emt 0:01:17]} 39. g4 {[%emt 0:00:24]} Qb7 {[%emt 0:00:25]} 40. Ra5 {[%emt 0:00:00]} Ra8 {[%emt 0:00:00]} 41. Rxa8 {[%emt 0:00:00]} Qxa8 {[%emt 0:00:00]} 42. Qb1 {[%emt 0:00:00]} Nc8 {[%emt 0:00:00]} 43. Be1 {[%emt 0:00:00]} Ne7 {[%emt 0:00:00]} 44. Bg3 {[%emt 0:00:00]} Ng6 {[%emt 0:00:00]} 45. Qb2 {[%emt 0:00:00]} Qa5 {[%emt 0:00:00]} 46. Kf2 {[%emt 0:00:00]} Ne7 {[%emt 0:00:00]} 47. Bd6 {[%emt 0:00:00]} Nc6 {[%emt 0:01:19]} 48. Qc2 {[%emt 0:00:00]} Qd8 {[%emt 0:02:36]} 49. Bc5 {[%emt 0:00:00]} Qc7 {[%emt 0:03:15]} 50. Qh7 {[%emt 0:00:03]} Ne5 {[%emt 0:03:01]} 51. h4 {[%emt 0:04:05]} gxh4 {[%emt 0:00:14]} 52. Qxh4 {[%emt 0:01:39]} Nd3+ {[%emt 0:00:09]} 53. Kg2 {[%emt 0:00:22]} Nf4+ {[%emt 0:05:27]} 54. Kf2 {[%emt 0:00:43]} Qa5 {[%emt 0:00:25]} 55. Qh8 {[%emt 0:00:53]} Qxc3 {[%emt 0:02:42]} 56. Qf8+ {[%emt 0:00:43]} Kg6 {[%emt 0:00:04]} 57. Qe8+ {[%emt 0:00:21]} Kg5 {[%emt 0:00:34]} 58. Qxb5 {[%emt 0:00:42]} Qd2+ {[%emt 0:01:19]} 59. Kf1 {[%emt 0:00:16]} Nd3 {[%emt 0:00:31]} 60. Kg1 {[%emt 0:00:08]} Qf2+ {[%emt 0:00:42]} 61. Kh1 {[%emt 0:00:10]} Nf4 {[%emt 0:01:27]} 0-1

[Event "Satka Autumn 2019"]
[Site "Satka"]
[Date "2019.09.22"]
[Round "4.3"]
[White "Mironenko, Galina"]
[Black "Borisova, Ekaterina"]
[Result "1-0"]
[WhiteElo "1982"]
[BlackElo "2307"]
[Annotator "TA"]
[PlyCount "101"]
[EventDate "2019.09.19"]
[EventType "swiss"]
[EventCountry "RUS"]
[SourceTitle "playchess.com"]
[Source "ChessBase"]
[SourceQuality "1"]

{[%evp 21,101,18,24,19,50,37,63,34,56,49,40,28,47,54,61,42,70,46,79,56,126,96,122,45,56,-38,-39,-101,-108,-67,0,0,0,0,0,0,12,25,24,10,167,159,266,274,870,750,864,853,866,723,2764,428,492,0,0,0,0,-207,74,0,0,0,487,308,1213,1213,1211,1211,1184,1170,29982,29983,29986,29987,29987,29988,29988,29989,29989,29990,29997,29998]} 1. e4 c5 2. Nf3 d6 3. d4 cxd4 4. Nxd4 Nf6 5. Nc3 Nc6 6. Bg5 e6 7. Qd2 a6 8. O-O-O Bd7 9. f3 Be7 10. Kb1 b5 11. Nxc6 Bxc6 12. Bxf6 {B67: Sicilian: Richter-Rauzer: 7...a6 8 0-0-0 Bd7, lines without 9 f4 Be7} gxf6 13. Ne2 Qb6 14. Nd4 {White is slightly better.} Bd7 15. Be2 a5 16. f4 h5 17. Rhf1 {[#]} b4 $146 ({Predecessor:} 17... Rc8 18. Rf3 b4 19. Rh3 h4 {1-0 (37) Bellaiche,A (2369)-Bu,X (2601) Heraklio 2002}) 18. Rf3 Rd8 19. Rh3 h4 20. g4 Bc8 (20... Qb7 $14) 21. Qe1 d5 22. Rxh4 (22. e5 $16) 22... Rg8 $14 23. Rh5 (23. e5 $14) 23... dxe4 $15 24. Nc6 (24. Rb5 $1 $15 Qc7 25. Qh4) 24... Rxd1+ $17 25. Qxd1 Bd7 ({But not} 25... Qxc6 $2 26. Bb5 $18) (25... f5 $15 26. Ne5 Bf6) 26. Nxa5 $11 Qd6 27. Qf1 $36 {[%mdl 2048] White is pushing.} f5 28. g5 Qd4 29. Nb3 Qb6 30. Rh7 {Black must now prevent Bh5.} Bf8 $2 (30... Bd6 $11) 31. h4 $1 $18 Ba4 (31... Bc6 $16 32. Qd1 Bd5) 32. h5 e5 $2 (32... Be7 33. h6 Kf8) 33. Bc4 Rg7 34. Rh8 Bxb3 35. axb3 exf4 36. g6 (36. Qxf4 $142 {White wants to mate with Qe5+.} Kd7 37. Qxf5+ {[%mdl 64] Double Attack} Kd8 38. h6 Qg1+ 39. Bf1 Qxg5 40. Rxf8+ {[%mdl 64] Double Attack} Ke7 41. Rxf7+ $1 {[%mdl 576] Deflection} Rxf7 42. Qxg5+ Kd6 43. Qg6+ $1 {[%mdl 576] Double Attack} Ke7 44. Bc4) 36... fxg6 37. Bb5+ $2 ({Only move:} 37. Qxf4 $18 {Qe5+ would kill now.} Qg1+ 38. Bf1) 37... Ke7 $11 38. h6 Rf7 {Hoping for ...f3.} 39. Qc4 $2 (39. Bc4 $11 Qd4 40. Qe1) 39... Bxh6 $2 (39... Qg1+ $19 40. Ka2 Kf6) 40. Qxb4+ (40. Rxh6 $16 Qg1+ 41. Ka2) 40... Kf6 {...Qg1+ is the strong threat.} 41. Rxh6 Rb7 $2 {[%mdl 8192]} (41... Qg1+ $11 {and Black is okay.} 42. Ka2 Kg5) 42. Qf8+ Kg5 $2 {[#]} (42... Ke5 43. Qh8+ Qf6) 43. Rh1 $1 $18 f3 44. Qh8 {[%csl Gh1][%cal Rh8h4]} Qf2 45. Be8 Qg3 {[#]} 46. Bxg6 $1 {[%mdl 512] White mates.} Kxg6 47. Rh6+ Kg5 48. Qf6+ Kg4 49. Qg6+ Kf4 50. Qd6+ Kg5 51. Rg6+ {[%mdl 64] Skewer. Accuracy: White = 50%, Black = 19%.} 1-0

[Event "Satka Autumn 2019"]
[Site "Satka"]
[Date "2019.09.22"]
[Round "4.4"]
[White "Semenova, Elena"]
[Black "Nosacheva, Mariya"]
[Result "1/2-1/2"]
[WhiteElo "2303"]
[BlackElo "2193"]
[Annotator "TA"]
[PlyCount "153"]
[EventDate "2019.09.19"]
[EventType "swiss"]
[EventCountry "RUS"]
[SourceTitle "playchess.com"]
[Source "ChessBase"]
[SourceQuality "1"]

{[%evp 14,153,37,22,31,28,61,66,56,56,63,36,70,57,67,33,46,43,51,51,48,27,30,25,27,27,43,16,21,22,16,9,11,0,36,22,31,20,26,20,35,29,36,7,9,0,17,19,19,7,66,0,0,0,0,0,12,0,16,0,0,0,0,0,0,0,0,0,0,0,0,6,18,0,0,0,0,0,0,0,131,76,98,58,76,0,14,22,60,60,60,60,60,0,0,0,0,0,0,0,0,0,0,0,0,0,0,0,0,0,0,0,0,0,0,0,0,0,0,0,0,0,0,0,0,0,0,0,0,0,0,0,0,0,0,0,0,0,0,0,0,0]} 1. d4 Nf6 2. c4 g6 3. Nf3 Bg7 4. g3 O-O 5. Bg2 d6 6. O-O Nc6 7. Nc3 a6 8. Bf4 Rb8 {E63: King's Indian: Fianchetto: Panno Variation with 7...a6} 9. Rc1 Nd7 (9... h6 10. d5 e5 11. Bd2 Nd4 12. Ne1 c5 13. dxc6 bxc6 14. e3 Nf5 15. Bxc6 Rxb2 16. Nd3 {0-1 (39) Jumabayev,R (2633)-Chigaev,M (2640) Riga 2019}) 10. Qd2 e5 {White is slightly better.} 11. dxe5 Ndxe5 12. Nxe5 Nxe5 13. Bg5 $146 ({Predecessor:} 13. b3 Bd7 14. Rfd1 Bc6 15. Nd5 Qd7 16. Bh6 {1-0 (51) Ubilava,E (2485)-Assaubayeva,B (2346) Linares 2018}) 13... f6 14. Bh6 Be6 15. Bxg7 Kxg7 16. b3 Qd7 17. Nd5 Bh3 18. Bxh3 Qxh3 19. Nf4 Qf5 20. Qc2 Qd7 21. Rfd1 g5 22. Nd5 Qh3 23. Qe4 f5 (23... Rf7 {looks sharper.} 24. Qg2 Qe6 25. e4 g4 26. Nf4 Qe7) 24. Qg2 Qxg2+ 25. Kxg2 c6 26. Nc3 Rbd8 27. Rd4 Kf6 28. h4 h6 29. Rh1 Ng6 30. hxg5+ hxg5 31. e3 Rg8 ({Better is} 31... Rh8 $11) 32. a4 (32. Rh7 $14) 32... Rh8 $11 33. Rxh8 Nxh8 {[%mdl 4096] Endgame KRN-KRN} 34. g4 Ng6 35. Kf1 Ne7 36. Rd1 Ke5 37. gxf5 Nxf5 38. Ke2 g4 39. Rg1 Rg8 40. Kd3 Rg7 41. Ne2 d5 42. cxd5 cxd5 43. Rh1 g3 44. Nxg3 Nxg3 45. fxg3 {KR-KR} Rg4 46. Rh7 Rb4 (46... b6 $11 {keeps the balance.}) 47. Kc3 (47. Kc2 $142) 47... a5 $16 48. Rh4 Rb6 49. b4 (49. Kc2 $16) 49... axb4+ 50. Rxb4 Rc6+ 51. Kd3 b6 $1 52. Rg4 {aiming for Rg5+.} Rc1 53. Rg6 ({White should try} 53. Rg5+ $14 Kd6 54. Rg6+ Kc5 55. Rg4) 53... Rc4 $1 $11 {The position is equal.} 54. Rxb6 {[#] Threatens to win with a5.} Rxa4 55. Rg6 Ra3+ 56. Ke2 d4 $1 57. exd4+ Kxd4 58. Kf2 Ke5 59. Kg2 Kf5 60. Rg8 Kf6 61. Kh3 Ra4 62. g4 Kf7 63. Rg5 Kf6 64. Kh4 (64. Rf5+ {keeps more tension.}) 64... Ra1 {[#] ( -> ...Rh1+)} 65. Rf5+ Kg6 66. Rf3 Rh1+ 67. Kg3 Ra1 68. Re3 Rf1 69. Rf3 Ra1 70. Rd3 Rg1+ 71. Kf4 Rf1+ 72. Rf3 Ra1 73. Rf2 Ra4+ 74. Kg3 Ra1 75. Re2 Rg1+ 76. Kf4 Rf1+ 77. Kg3 {Accuracy: White = 55%, Black = 63%.} 1/2-1/2

[Event "Satka Autumn 2019"]
[Site "Satka"]
[Date "2019.09.22"]
[Round "4.5"]
[White "Lysenko, Margarita"]
[Black "Dubnikova, Anastasia"]
[Result "1/2-1/2"]
[WhiteElo "2249"]
[BlackElo "2056"]
[Annotator "NA"]
[PlyCount "101"]
[EventDate "2019.09.19"]
[EventType "swiss"]
[EventCountry "RUS"]
[SourceTitle "playchess.com"]
[Source "ChessBase"]
[SourceQuality "1"]
[TimeControl "5400+30"]

1. d4 {[%emt 0:00:00]} Nf6 {[%emt 0:00:00]} 2. c4 {[%emt 0:00:00]} e6 {[%emt 0:00:00]} 3. Nc3 {[%emt 0:02:18]} d5 {[%emt 0:00:00]} 4. cxd5 {[%emt 0:02:04]} exd5 {[%emt 0:00:00]} 5. Bg5 {[%emt 0:00:06]} c6 {[%emt 0:00:00]} 6. e3 {[%emt 0:03:16]} Bf5 {[%emt 0:01:55]} 7. Qf3 {[%emt 0:00:25]} Bg6 {[%emt 0:00:06]} 8. Bxf6 {[%emt 0:00:10]} Qxf6 {[%emt 0:00:30]} 9. Qxf6 gxf6 {[%emt 0:00:00]} 10. h4 {[%emt 0:01:58]} Bd6 {[%emt 0:00:56]} 11. h5 {[%emt 0:11:12]} Bf5 {[%emt 0:00:09]} 12. Nf3 {[%emt 0:12:08]} h6 {[%emt 0:11:45]} 13. Nh4 {[%emt 0:04:03]} Bh7 {[%emt 0:00:11]} 14. O-O-O {[%emt 0:05:45]} Rg8 {[%emt 0:01:27]} 15. Bd3 {[%emt 0:05:33]} Bxd3 {[%emt 0:00:11]} 16. Rxd3 {[%emt 0:00:02]} Kd7 {[%emt 0:07:12]} 17. f3 {[%emt 0:07:58]} Na6 {[%emt 0:06:14]} 18. g4 {[%emt 0:01:19]} Rge8 {[%emt 0:00:59]} 19. Nf5 {[%emt 0:03:45]} Bf8 {[%emt 0:00:07]} 20. Rd2 {[%emt 0:05:45]} Nc7 {[%emt 0:00:42]} 21. Rg1 {[%emt 0:05:01]} Ne6 {[%emt 0:04:58]} 22. f4 {[%emt 0:01:00]} b5 {[%emt 0:03:56]} 23. Ne2 {[%emt 0:04:37]} Bb4 {[%emt 0:02:38]} 24. Rc2 {[%emt 0:05:41]} Rh8 {[%emt 0:00:13]} 25. Kb1 {[%emt 0:01:31]} Rac8 {[%emt 0:01:10]} 26. Nc1 {[%emt 0:00:58]} Bf8 {[%emt 0:02:14]} 27. Nd3 {[%emt 0:02:20]} Rg8 {[%emt 0:03:56]} 28. Ne1 {[%emt 0:05:13]} a5 {[%emt 0:04:56]} 29. Nf3 {[%emt 0:00:09]} a4 {[%emt 0:01:47]} 30. a3 {[%emt 0:01:30]} Rc7 {[%emt 0:03:58]} 31. Rcg2 {[%emt 0:05:52]} Rh8 {[%emt 0:00:57]} 32. Rc2 {[%emt 0:00:39]} b4 {[%emt 0:01:34]} 33. axb4 {[%emt 0:00:11]} Bxb4 {[%emt 0:00:05]} 34. Rgc1 {[%emt 0:01:22]} a3 {[%emt 0:04:43]} 35. b3 {[%emt 0:00:09]} Bf8 {[%emt 0:17:10]} 36. Ka2 {[%emt 0:00:11]} Rg8 {[%emt 0:00:06]} 37. Rg2 {[%emt 0:01:50]} Rb7 {[%emt 0:00:28]} 38. Ne1 {[%emt 0:00:42]} Nc7 {[%emt 0:05:32]} 39. Nd3 {[%emt 0:00:37]} Na6 {[%emt 0:00:06]} 40. Rcg1 {[%emt 0:00:00]} Ke6 {[%emt 0:00:00]} 41. Rc1 {[%emt 0:00:00]} Kd7 {[%emt 0:00:00]} 42. Rb1 {[%emt 0:00:00]} Rh8 {[%emt 0:00:00]} 43. Rh1 {[%emt 0:00:00]} Ke6 {[%emt 0:00:00]} 44. Rc1 {[%emt 0:00:00]} Kd7 {[%emt 0:00:00]} 45. Rh1 {[%emt 0:00:00]} Ke6 {[%emt 0:00:00]} 46. Re1 {[%emt 0:00:00]} Nb4+ {[%emt 0:00:00]} 47. Nxb4 {[%emt 0:00:00]} Bxb4 {[%emt 0:00:00]} 48. Rc1 {[%emt 0:00:00]} Kd7 {[%emt 0:00:00]} 49. Rgc2 {[%emt 0:00:00]} Rb6 {[%emt 0:00:00]} 50. Re2 {[%emt 0:00:30]} Bf8 {[%emt 0:00:00]} 51. Rg2 {[%emt 0:05:00]} 1/2-1/2